The world of myth: An anthology

The book provides a sweeping anthology of myths. There are fascinating stories of great floods from the ancient Babylonians, Hebrews, Chinese, and Myans; tales of apocalypse from India, the Norse, Christianity, and modern science; myths of the mother goddess from Native American Hopi culture and Jam...

সম্পূর্ণ বিবরণ

সংরক্ষণ করুন:
গ্রন্থ-পঞ্জীর বিবরন
প্রধান লেখক: David Adams Leeming (1937-
বিন্যাস: গ্রন্থ
ভাষা:Undetermined
প্রকাশিত: Oxford, New York Oxford Univ 1990
বিষয়গুলি:
ট্যাগগুলো: ট্যাগ যুক্ত করুন
কোনো ট্যাগ নেই, প্রথমজন হিসাবে ট্যাগ করুন!
Thư viện lưu trữ: Trung tâm Học liệu Trường Đại học Cần Thơ
LEADER 00956nam a2200193Ia 4500
001 CTU_18410
008 210402s9999 xx 000 0 und d
082 |a 291.13 
082 |b L486 
100 |a David Adams Leeming (1937- 
245 4 |a The world of myth: An anthology 
245 0 |c David Adams Leeming (1937- 
260 |a Oxford, New York 
260 |b Oxford Univ 
260 |c 1990 
520 |a The book provides a sweeping anthology of myths. There are fascinating stories of great floods from the ancient Babylonians, Hebrews, Chinese, and Myans; tales of apocalypse from India, the Norse, Christianity, and modern science; myths of the mother goddess from Native American Hopi culture and James Lovelock's Gaia. The book compares and contrasts how various societies have addressed similar concerns, or have told similar stories 
650 |a myth,mythology 
904 |i Minh, 970913 
980 |a Trung tâm Học liệu Trường Đại học Cần Thơ